000 00314nam a22001337a 4500
008 170407b xxu||||| |||| 00| 0 eng d
020 _a9781416057253
041 _aeng
080 _a616
100 _a9
101 _aSHM
245 _aYEAR BOOK OF PATHOLOGY AND LABORATORY MEDICINE
_cRAAB, S.S
942 _2udc
_cBK
999 _c10133
_d10133